[Event "Let's Play Chess!"]
[Site "http://www.queenalice.com/game.php?id=487203"]
[Date "2008.11.2"]
[Round "-"]
[White "Burrinho"]
[Black "Evair"]
[Result "1-0"]
[WhiteElo "1646"]
[BlackElo "1042"]

1. e4 e5 2. Nf3 Bd6 3. Bc4 Nf6 4. Ng5 c5 5. Nxf7 O-O 6. Nxd8+ Kh8 7. Nf7+ Rxf7
8. Bxf7 Nxe4 9. d3 Ng5 10. Bxg5 a5 11. Qf3 a4 12. Bd5 h6 13. Qf7 b5 14. Qg8# 1-0

[Event "BURRITO"]
[Site "http://www.queenalice.com/game.php?id=487215"]
[Date "2008.11.2"]
[Round "-"]
[White "Burrinho"]
[Black "SRIVERO"]
[Result "1-0"]
[WhiteElo "1660"]
[BlackElo "1640"]

1. e4 c5 2. d4 cxd4 3. Qxd4 d6 4. Bb5+ Bd7 5. Nc3 Nf6 6. Bg5 a6 7. Bxf6 gxf6 8.
Bxd7+ Nxd7 9. Nf3 Qa5 10. b4 Qb6 11. Qxb6 Nxb6 12. O-O Nc4 13. Nd5 Rc8 14. Rfe1
Bh6 15. c3 Bd2 16. Nxd2 Nxd2 17. Rad1 Nc4 18. Rc1 Ne5 19. Re3 Ng4 20. Rg3 Rg8
21. h3 Ne5 22. Rxg8+ Kd7 23. Nb6+ 1-0

[Event "Challenge"]
[Site "http://www.queenalice.com/game.php?id=487216"]
[Date "2008.11.2"]
[Round "-"]
[White "MASTROIANNI"]
[Black "Burrinho"]
[Result "0-1"]
[WhiteElo "1593"]
[BlackElo "1770"]

1. d4 d5 2. e3 Nc6 3. Bb5 Bd7 4. Nc3 Nf6 5. Nf3 a6 6. Bxc6 bxc6 7. Ne5 g6 8. O-O
Bg7 9. Bd2 O-O 10. f3 Nh5 11. e4 dxe4 12. Nxe4 Bxe5 13. dxe5 e6 14. g4 Ng7 15.
Bh6 f5 16. gxf5 Rf7 17. Bg5 Qc8 18. Bf6 Nxf5 19. f4 Ne3 20. Qf3 Nxf1 21. Rxf1
Qb7 22. b3 Qb6+ 23. Kh1 c5 24. Rg1 Bc6 25. Qe3 Qb7 26. Re1 Rd7 27. Kg1 Bxe4 28.
Qxc5 Qd5 29. Qxd5 Bxd5 30. Rd1 Bc6 31. Rc1 Rd2 32. c4 Rb8 33. Ra1 Rg2+ 34. Kf1
Rxh2 35. Kg1 Rh1+ 36. Kf2 Rxa1 37. Kg3 Rxa2 38. Kg4 Rxb3 39. Bh4 Rg2+ 0-1

[Event "Challenge"]
[Site "http://www.queenalice.com/game.php?id=489492"]
[Date "2008.11.7"]
[Round "-"]
[White "ramosoagr"]
[Black "Burrinho"]
[Result "0-1"]
[WhiteElo "1100"]
[BlackElo "1688"]

1. e4 e5 2. Nf3 Nc6 3. Nc3 Nf6 4. Bc4 Bb4 5. Ng5 O-O 6. Bxf7+ Rxf7 7. Nxf7 Kxf7
8. Nd5 Nxd5 9. exd5 Ne7 10. Qh5+ Ng6 11. Qxh7 Qg5 12. O-O d6 13. d3 Qf6 14. a3
Bc5 15. Be3 Bd7 16. b4 Rh8 17. Qxh8 Nxh8 18. Bxc5 dxc5 19. bxc5 Ng6 20. a4 Qg5
21. g3 Nf4 22. h4 Qg4 23. f3 Qxg3+ 24. Kh1 Qg2# 0-1

[Event "Challenge"]
[Site "http://www.queenalice.com/game.php?id=490240"]
[Date "2008.11.8"]
[Round "-"]
[White "milin"]
[Black "Burrinho"]
[Result "0-1"]
[WhiteElo "1086"]
[BlackElo "1770"]

1. e4 e5 2. Bc4 Nf6 3. d3 Bc5 4. Nf3 Nc6 5. O-O d5 6. exd5 Nxd5 7. Bxd5 Qxd5 8.
Nc3 Qe6 9. Be3 Bxe3 10. fxe3 O-O 11. d4 exd4 12. Nxd4 Qxe3+ 13. Rf2 Qxd4 14.
Qxd4 Nxd4 15. Rf4 Nxc2 16. Rc1 Ne3 17. Rf3 Ng4 18. h3 Ne5 19. Re3 Nc4 20. Re7 c6
21. Rce1 Be6 0-1

[Event "Challenge"]
[Site "http://www.queenalice.com/game.php?id=491882"]
[Date "2008.11.11"]
[Round "-"]
[White "Andrei_78"]
[Black "Burrinho"]
[Result "0-1"]
[WhiteElo "1610"]
[BlackElo "1767"]

1. e4 e5 2. h3 d5 3. exd5 Qxd5 4. Nc3 Qd8 5. Nf3 Nc6 6. Bc4 h6 7. O-O Nf6 8. d3
Bb4 9. Na4 Bd7 10. a3 Bd6 11. Nh4 Ne7 12. Be3 Bxa4 13. Qf3 c6 14. b3 Bb5 15.
Bxb5 cxb5 16. Qxb7 a6 17. Bb6 Qc8 18. Qf3 O-O 19. Be3 Qxc2 20. Rfc1 Qxb3 21. Qg3
Ng6 22. Nf5 Qxd3 23. Qf3 e4 24. Qd1 Qxd1+ 25. Rxd1 Be5 26. Rab1 Rfd8 27. Rdc1
Nd5 28. Bd2 Bf4 29. Ba5 Bxc1 30. Bxd8 Rxd8 31. Rxc1 Ngf4 32. Rc6 a5 33. Ra6 a4
34. Nd4 Nc7 35. Rc6 Rxd4 36. Rxc7 b4 37. axb4 Rxb4 38. Rc8+ Kh7 39. Ra8 Nd3 40.
Kf1 Nc5 41. g3 Nb3 42. h4 Nd4 43. Ra7 f5 44. Kg2 Nb5 45. Ra5 a3 46. Kf1 Rb2 47.
Ke1 a2 48. f4 exf3 49. Kf1 Rb1+ 50. Kf2 a1=Q 51. Rxa1 Rxa1 52. Kxf3 g5 53. hxg5
hxg5 54. g4 fxg4+ 55. Kxg4 Kg6 56. Kg3 Kf5 57. Kf3 Ra3+ 58. Kg2 Kf4 59. Kf2 Ra2+
60. Ke1 Ke3 61. Kd1 Rh2 62. Ke1 Rh1# 0-1

[Event "Challenge"]
[Site "http://www.queenalice.com/game.php?id=492314"]
[Date "2008.11.12"]
[Round "-"]
[White "Burrinho"]
[Black "Noyender"]
[Result "0-1"]
[WhiteElo "1751"]
[BlackElo "1607"]

1. e4 e5 2. Nf3 Bc5 3. Nxe5 d6 4. Nd3 Nf6 5. Nxc5 dxc5 6. Nc3 Nc6 7. Bb5 Bd7 8.
d3 Nd4 9. Bxd7+ Qxd7 10. Ne2 O-O-O 11. Bg5 Qg4 12. Bxf6 gxf6 13. Nxd4 Qxg2 14.
Rf1 cxd4 15. Qh5 Qg7 16. Qf5+ Kb8 17. O-O-O Rd6 18. c3 Rc6 19. Kc2 Qf8 20. Qa5
Rc5 21. Qb4 b6 22. Qxd4 Qe7 23. b4 Rd8 24. Qe3 Rc6 25. a3 Qe5 26. d4 Qxh2 27.
Rh1 Qd6 28. Rxh7 Qe7 29. d5 Rc4 30. Qd3 Rxe4 31. f3 Re3 32. Qf5 Re5 33. Qh3
Rexd5 34. Rxd5 Rxd5 35. Qh4 Qe2+ 36. Kb3 Qxf3 37. Qe1 Re5 38. Qc1 Qd5+ 39. Kb2
Re2+ 0-1

[Event "Challenge"]
[Site "http://www.queenalice.com/game.php?id=493079"]
[Date "2008.11.14"]
[Round "-"]
[White "Ayr_United"]
[Black "Burrinho"]
[Result "1-0"]
[WhiteElo "1651"]
[BlackElo "1784"]

1. e4 e5 2. Nc3 Bb4 3. d4 exd4 4. Qxd4 Bxc3+ 5. Qxc3 Nf6 6. e5 Nd5 7. Qd4 c6 8.
e6 dxe6 9. Bd2 O-O 10. O-O-O Qb6 11. Qg4 e5 12. Qg3 Re8 13. Be3 Nxe3 14. Qxe3
Qa5 15. Bc4 b5 16. Bb3 Be6 17. Kb1 Bxb3 18. Qxb3 Na6 19. c3 Nc5 20. Qc2 Red8 21.
Nf3 f6 22. Nd2 Nd3 23. Nb3 Qb6 24. Rxd3 c5 25. Rxd8+ Rxd8 26. f3 c4 27. Nd2 a5
28. Ne4 f5 29. Nd2 Qf2 30. Rd1 Qxg2 31. Qxf5 Rxd2 32. Kc1 Rxb2 33. Rd8# 1-0

[Event "Challenge"]
[Site "http://www.queenalice.com/game.php?id=502168"]
[Date "2008.12.3"]
[Round "-"]
[White "Burrinho"]
[Black "gomonkey"]
[Result "1-0"]
[WhiteElo "1727"]
[BlackElo "1699"]

1. e4 e5 2. Nf3 d6 3. d4 f6 4. Nc3 a6 5. Be3 c6 6. dxe5 fxe5 7. Bd3 Be6 8. O-O
d5 9. exd5 cxd5 10. Nxe5 d4 11. Qf3 dxc3 12. Rad1 Qd5 13. Bg6+ hxg6 14. Rxd5 Ne7
15. Rd3 Bxa2 16. b3 Nf5 17. Ra1 Bxb3 18. cxb3 c2 19. Qd5 Bd6 20. Qe6+ Ne7 21.
Qxd6 Nbc6 22. Nxg6 Rh6 23. Bxh6 Rd8 24. Qg3 Nf5 25. Rxd8+ Kxd8 26. Qd3+ Ncd4 27.
Bg5+ Ke8 28. Nh4 Nxh4 29. Bxh4 1-0

[Event "BURRÃO (1)"]
[Site "http://www.queenalice.com/game.php?id=506891"]
[Date "2008.12.13"]
[Round "-"]
[White "Burrinho"]
[Black "ketchuplover"]
[Result "1/2-1/2"]
[WhiteElo "1791"]
[BlackElo "1704"]

1. e4 c6 2. d4 d5 3. Nc3 dxe4 4. Nxe4 Nf6 5. Nxf6+ exf6 6. Nf3 Bd6 7. Be3 O-O 8.
Bd3 Re8 9. O-O Bg4 10. h3 Bh5 11. Be2 Nd7 12. Nh4 Bg6 13. c3 f5 14. Nxg6 hxg6
15. Bd3 f4 16. Bd2 Qh4 17. Qf3 f5 18. Rae1 a5 19. Rxe8+ Rxe8 20. Re1 Rxe1+ 21.
Bxe1 Qf6 22. Bd2 g5 23. g3 fxg3 24. fxg3 g6 25. Bc4+ Kg7 26. Kg2 Nf8 27. a3 b5
28. Ba2 Bc7 29. d5 c5 30. Qe3 f4 31. gxf4 gxf4 32. Qf3 Bd6 33. Bb1 Qg5+ 34. Kf2
Qg3+ 35. Qxg3 fxg3+ 36. Kf3 Nd7 37. Be4 Nf6 38. Bd3 c4 39. Bf1 Nxd5 40. Bg2 b4
41. axb4 axb4 42. cxb4 Nxb4 43. Bxb4 Bxb4 44. Bf1 c3 45. bxc3 Bxc3 1/2-1/2

[Event "BURRÃO (2)"]
[Site "http://www.queenalice.com/game.php?id=506892"]
[Date "2008.12.13"]
[Round "-"]
[White "spawnwolfwolverine"]
[Black "Burrinho"]
[Result "0-1"]
[WhiteElo "1627"]
[BlackElo "1772"]

1. c4 e5 2. d3 d5 3. cxd5 Qxd5 4. Nc3 Qd8 5. e4 Bb4 6. Bd2 Nf6 7. a3 Bxc3 8.
Bxc3 Nc6 9. Nf3 O-O 10. Be2 Bg4 11. O-O Bxf3 12. Bxf3 Re8 13. b4 Ne7 14. a4 Ng6
15. b5 Nf4 16. Be2 Nxe2+ 17. Qxe2 b6 18. a5 Qd7 19. axb6 axb6 20. Rxa8 Rxa8 21.
Rb1 Qe6 22. g3 Qh3 23. Qf1 Qh5 24. f4 Ng4 25. h4 exf4 26. Qxf4 Ra2 27. Qg5 Qxg5
28. hxg5 f6 29. gxf6 gxf6 30. Rf1 Kg7 31. Rf4 h5 32. d4 Kg6 33. e5 fxe5 34. dxe5
Re2 35. Kf1 Re3 36. Bd2 Rxe5 37. Ra4 Rxb5 38. Ra7 c5 39. Bc3 Rb3 40. Bh8 Kf5 41.
Rf7+ Ke4 42. Rh7 Kf3 43. Rf7+ Kxg3 44. Rh7 h4 45. Ke2 c4 46. Rh5 c3 47. Rg5 h3
48. Be5+ Kh4 49. Rf5 Nxe5 50. Rxe5 h2 51. Re6 Rb2+ 52. Kd3 c2 53. Rc6 Rb1 54.
Rxc2 h1=Q 55. Rc4+ Kg3 56. Rc2 Qf3+ 57. Kd2 Rd1# 0-1

[Event "BURRÃO (3)"]
[Site "http://www.queenalice.com/game.php?id=506893"]
[Date "2008.12.13"]
[Round "-"]
[White "Burrinho"]
[Black "spawnwolfwolverine"]
[Result "1-0"]
[WhiteElo "1749"]
[BlackElo "1592"]

1. e4 e5 2. Nf3 d6 3. d4 exd4 4. Qxd4 Bd7 5. Nc3 Nc6 6. Qd1 g6 7. Bc4 Bg7 8. Bd2
Nf6 9. Bg5 O-O 10. Nd5 Ne5 11. Nxf6+ Bxf6 12. Nxe5 dxe5 13. Bxf6 Qxf6 14. Qxd7
Rac8 15. O-O a6 16. Qg4 c6 17. c3 b5 18. Bb3 c5 19. Bc2 a5 20. a4 b4 21. cxb4
cxb4 22. Bd3 Rc2 23. Bxc2 Qc6 24. Rac1 Rc8 25. Qe2 b3 26. Bxb3 Qxc1 27. Qb5 Qxb2
28. Bxf7+ Kxf7 29. Qxb2 Ke6 30. Qb6+ Ke7 31. Qb7+ Kd8 32. Rd1+ Ke8 33. Qxc8+ Kf7
34. Rd7+ Kf6 35. Qd8+ Ke6 36. Qe7# 1-0

[Event "BURRÃO (5)"]
[Site "http://www.queenalice.com/game.php?id=506940"]
[Date "2008.12.13"]
[Round "-"]
[White "Burrinho"]
[Black "ainsworth"]
[Result "0-1"]
[WhiteElo "1751"]
[BlackElo "2152"]

1. d4 Nf6 2. Nc3 d5 3. Nf3 Bf5 4. Bg5 e6 5. Bxf6 Qxf6 6. e3 Bb4 7. a3 Be7 8. Bd3
O-O 9. O-O Nd7 10. Bxf5 Qxf5 11. Re1 a6 12. Ng5 Bxg5 13. f3 c5 14. e4 dxe4 15.
fxe4 Qg6 16. d5 Bf6 17. dxe6 Bd4+ 18. Kh1 fxe6 19. Ne2 Rf2 20. Ng3 Nf6 21. c3
Be5 22. Re2 Bxg3 23. hxg3 Qh5+ 24. Kg1 Rxe2 25. Kf1 Rf8 26. Qxe2 Qh1+ 0-1

[Event "BURRÃO (6)"]
[Site "http://www.queenalice.com/game.php?id=506941"]
[Date "2008.12.13"]
[Round "-"]
[White "ainsworth"]
[Black "Burrinho"]
[Result "1-0"]
[WhiteElo "2149"]
[BlackElo "1729"]

1. e4 e5 2. Nc3 Nf6 3. f4 Bb4 4. Bc4 exf4 5. Nf3 Bxc3 6. dxc3 Nxe4 7. Bxf7+ Kxf7
8. Qd5+ Kf6 9. Bxf4 d6 10. O-O Bf5 11. Nd4 1-0

[Event "Challenge"]
[Site "http://www.queenalice.com/game.php?id=508194"]
[Date "2008.12.15"]
[Round "-"]
[White "nightprawler"]
[Black "Burrinho"]
[Result "1-0"]
[WhiteElo "1956"]
[BlackElo "1759"]

1. e4 e5 2. Bc4 Nf6 3. d3 h6 4. Nf3 Nc6 5. c3 Na5 6. Bd5 Nxd5 7. exd5 b6 8. Nxe5
d6 9. Nf3 Bg4 10. O-O Bxf3 11. Qxf3 Be7 12. Nd2 O-O 13. Qg4 Bg5 14. f4 Bf6 15.
Ne4 Nb7 16. f5 Nc5 17. Bxh6 Nxe4 18. dxe4 Kh7 19. Be3 Be5 20. Rf3 Qf6 21. Rh3+
Kg8 22. Qh5 1-0

[Event "Challenge"]
[Site "http://www.queenalice.com/game.php?id=509097"]
[Date "2008.12.17"]
[Round "-"]
[White "RAFAELI"]
[Black "Burrinho"]
[Result "0-1"]
[WhiteElo "1808"]
[BlackElo "1779"]

1. e4 e5 2. Bc4 Nf6 3. f3 Bc5 4. Nh3 d6 5. Ng5 O-O 6. c3 Nc6 7. Qb3 d5 8. exd5
Na5 9. Qb5 Bb6 10. d4 exd4 11. cxd4 a6 12. Qb4 Nxc4 13. Qxc4 Nxd5 14. Qd3 Nf6
15. Be3 h6 16. Ne4 Bf5 17. g4 Bxe4 18. fxe4 Nxg4 19. Bg1 Qh4+ 20. Qg3 Qg5 21.
Nd2 Rad8 22. h4 Qg6 23. h5 Qg5 24. Rd1 Bxd4 25. Rh4 Ne5 26. Qxg5 hxg5 27. Rh1
Bxb2 28. Rb1 Bc3 29. Be3 Nf3+ 30. Ke2 Nxd2 31. Rxb7 Nxe4 32. Rxc7 Ng3+ 33. Kf3
Nxh1 34. Rxc3 Rd1 35. Bxg5 Rb8 36. Rc2 f6 37. Bf4 Rbb1 38. Rg2 Rf1+ 39. Kg4 Nf2+
40. Kf5 Nd3 41. Ke4 Nxf4 42. h6 Nxg2 0-1

[Event "Challenge"]
[Site "http://www.queenalice.com/game.php?id=510723"]
[Date "2008.12.21"]
[Round "-"]
[White "Gorgona"]
[Black "Burrinho"]
[Result "1-0"]
[WhiteElo "1976"]
[BlackElo "1796"]

1. e4 e5 2. f4 d6 3. Nf3 h6 4. fxe5 dxe5 5. d4 exd4 6. Qxd4 Bd7 7. Bc4 Nc6 8.
Qd1 Bc5 9. Nc3 Na5 10. Qd5 Qe7 11. Qd3 O-O-O 12. Qe2 Nf6 13. h3 Nxc4 14. Qxc4
Be6 15. Qe2 Rhe8 16. Bd2 Bd7 17. O-O-O Bc6 18. Rhe1 Bd4 19. Nxd4 Rxd4 20. Qf2
Qc5 21. Be3 Rxd1+ 22. Rxd1 Qa5 23. a3 Nxe4 24. Nxe4 Bxe4 25. Qxf7 Qa4 26. Rd2
Qc6 27. Qxg7 a6 28. Qxh6 Qb5 29. Qf4 Qc4 30. b3 Qg8 31. g4 Qh8 32. Bd4 Qxh3 33.
Rh2 Qf3 34. Qxf3 Bxf3 35. g5 Rg8 36. Bf6 c6 37. Rd2 Re8 38. g6 Re1+ 39. Kb2 Rg1
40. g7 Bd5 41. c4 Bf7 42. Kc3 c5 43. a4 Kc7 44. Re2 Rg3+ 45. Kb2 Kc6 46. Re7 Bg8
47. Re8 Bf7 48. Rc8+ Kd7 49. Rxc5 Kd6 50. Ra5 Ke6 51. Bd4 Rg4 52. Kc3 Rg3+ 53.
Kb4 Kd6 54. Be5+ 1-0

[Event "Challenge"]
[Site "http://www.queenalice.com/game.php?id=510724"]
[Date "2008.12.21"]
[Round "-"]
[White "Burrinho"]
[Black "Gorgona"]
[Result "0-1"]
[WhiteElo "1777"]
[BlackElo "1864"]

1. e4 e5 2. Nf3 Nf6 3. Nc3 d6 4. d4 exd4 5. Nxd4 Bd7 6. Bg5 h6 7. Bxf6 Qxf6 8.
Bc4 Nc6 9. Nxc6 Bxc6 10. Bd5 a6 11. Bxc6+ bxc6 12. O-O Be7 13. Qg4 Rb8 14. Rab1
Qg5 15. Qf3 O-O 16. Rfe1 Bf6 17. b3 Qd2 18. Re2 Qxc3 19. Qg4 c5 20. Rd1 c4 21.
e5 Bxe5 22. bxc4 Rb4 23. Rd3 Qa1+ 0-1

[Event "Challenge"]
[Site "http://www.queenalice.com/game.php?id=516966"]
[Date "2009.1.4"]
[Round "-"]
[White "Burrinho"]
[Black "gomonkey"]
[Result "1-0"]
[WhiteElo "1782"]
[BlackElo "1598"]

1. e4 e5 2. Nf3 f6 3. d4 d5 4. exd5 Qxd5 5. Nc3 Qe6 6. dxe5 fxe5 7. b3 h6 8. Bb2
Nd7 9. Bc4 Qg4 10. O-O e4 11. Nxe4 Nc5 12. h3 Qf4 13. Bc1 Qxe4 14. Re1 Qe6 15.
Rxe6+ Bxe6 16. Qe2 Ke7 17. Ba3 b6 18. Bxc5+ bxc5 19. Qxe6+ Kd8 20. Rd1+ Bd6 21.
Ne5 Nf6 22. Nf7# 1-0